MDQL
is popping MORE tags! Check the
thread
!
Quizzes
Events
Quiz Creation
Community
Videos
Private Events
Remove Ads
Sign In
Join for FREE
Feedback
Dark Mode
Quiz Categories
Sports
Geography
Music
Movies
Television
Just For Fun
Miscellaneous
History
Literature
Language
Science
Gaming
Entertainment
Religion
Holiday
For Kids
Quiz Lab
Recent
Popular Today
Quiz Kudos Today
Editor Picks
Curator Picks
Quizzes by...
Day
Popularity
Type
Ratings
Length
Year
Community
Subscriptions
Recent Discussions
Orange Saloon
Badges
Playlists
Quests
Create
Leaderboards
Showdown
Live 5
Trivia Bingo
Activity
Puzzle Library
Sporcle Events
Private Events
Virtual Trivia
Globe League
Become a Host
Pub Owners
SporcleCon
Opinionation
Our Games
Videos
Blog
Mobile Apps
Partnerships
Remove Ads and Go Orange
Feedback
Sports
Athletes
MLB
NBA
NHL
NFL
Soccer
Sports Teams
WWE
NCAA
Football
Premier League
Basketball
Baseball
Hockey
Golf
Tennis
Cricket
Rugby
Auto Racing
Olympics
World Cup
Sports
Athletes
MLB
NBA
NHL
NFL
Soccer
Sports Teams
WWE
NCAA
Football
Premier League
Basketball
Baseball
Hockey
Golf
Tennis
Cricket
Rugby
Auto Racing
Olympics
World Cup
Random Quiz
Search Sporcle
×
Quiz Lab
Quiz Lab
Sports
NHL
Type in answers that appear in a list
Type in answers that appear in a list
Classic
Best Score? Go Orange.
NHl Olympic Teams Canada And USA Roster (2010) Stats
Can you name the NHl Olympic Teams Canada And USA Roster (2010)
By
BreakingMach
7m
46 Questions
462 Plays
462 Plays
462 Plays
Comments
Comments
Give Quiz Kudos
Give Quiz Kudos
-
- Ratings
hide this ad
Replay
Link that replays current quiz
Next Quiz
Link to next quiz in quiz playlist
You Got
0%
They Got
Avg Score
65%
Avg Friend Score
Upgrade to see
Score Distribution
Jump to the score distribution portion of the page
Score
0/46
Timer
07:00
0
Plays Today
Hint
Answer
% Correct
Canada -
F
SIDNEY CROSBY
96.8%
Canada -
G
ROBERTO LUONGO
92.6%
USA-
F
PATRICK KANE
88.1%
Canada -
F
JONATHAN TOEWS
86.6%
Canada -
G
MARTIN BRODEUR
86.6%
USA-
G
RYAN MILLER
84.4%
Canada -
D
DUNCAN KEITH
84%
Canada -
F
COREY PERRY
82.3%
Canada -
F
RYAN GETZLAF
82%
Canada -
F
JOE THORNTON
81.4%
Canada -
F
JAROME IGINLA
80.1%
USA-
G
JONATHAN QUICK
79.9%
Canada -
D
BRENT SEABROOK
78.4%
Canada -
F
PATRICK MARLEAU
78.1%
Canada -
D
SHEA WEBER
77.7%
USA-
F
PHIL KESSEL
75.8%
USA-
F
ZACH PARISE
75.3%
Canada -
F
PATRICE BERGERON
74.5%
Canada -
D
DREW DOUGHTY
74%
Canada -
D
CHRIS PRONGER
71.2%
USA-
F
RYAN KESLER
70.3%
Canada -
F
RICK NASH
70.1%
Canada -
F
MIKE RICHARDS
69.9%
Hint
Answer
% Correct
Canada -
G
MARC-ANDRÉ FLEURY
69.3%
Canada -
D
SCOTT NIEDERMAYER
69%
USA-
D
RYAN SUTER
68%
Canada -
F
ERIC STAAL
63.4%
Canada -
F
DANY HEATLEY
63%
USA-
G
TIM THOMAS
62.3%
USA-
F
DUSTIN BROWN
61.5%
USA-
D
ERIK JOHNSON
59.5%
USA-
D
JACK JOHNSON
59.3%
Canada -
D
DAN BOYLE
56.7%
USA-
F
BOBBY RYAN
54.5%
USA-
F
DAVID BACKES
52.2%
USA-
F
JOE PAVELSKI
50.4%
Canada -
F
BRENDEN MORROW
46.8%
USA-
F
RYAN CALLAHAN
46.5%
USA-
D
BRIAN RAFALSKI
45.5%
USA-
D
BROOKS ORPIK
40.9%
USA-
F
PAUL STASTNY
40.5%
USA-
F
JAMIE LANGENBRUNNER
37.4%
USA-
F
CHRIS DRURY
33.1%
USA-
D
RYAN WHITNEY
31.8%
USA-
F
RYAN MALONE
23.4%
USA-
D
TIM GLEASON
21.4%
Quiz Playlist
Details
Report
Send in Message
Add To Playlist
Classic:
Type in answers that appear in a list
Last Updated: Feb 16, 2017
Quiz Scoreboard
CHALLENGE
Sign Up to Join the Scoreboard
Show All
Scores
Hide
Comments
May contain spoilers
Recently Published
Image Sorting: Flags VI
by Barbecue
Geography
2m
Find the 'City' Movie
by crazypaving
Movies
60s
Colored Red Africa Blitz
by spor1
Geography
45s
More to Explore
Quiz From the Vault
Featured Blog Post
14 Easter Pick-up Lines to Find Eggs With
hide this ad
You Might Also Like...
Tags
Canada Quiz
NHL Quiz
2010
Roster
team
USA Roster
Today's Top Quizzes in Sports
Browse Sports
hide this ad
Today's Top Quizzes in NHL
Browse NHL
Top Contributed Quizzes in Sports
1
Les meilleurs buteurs des matchs entre le PSG et l’OM
2
Les entraîneurs de l'OM et du PSG au 21e siècle
3
2022 World Cup Stars
4
Les joueurs passés par le PSG et l'OM
5
Players with Multiple 50 Home Run Seasons
6
Criteria MLB: Left Handed Sluggers
7
FIFA Club World Cup Champions
8
Les joueurs passés par le LOSC et le RC Lens
9
NBA Logic Puzzle 2.0
10
Top 10 NHL Goal Scorers of All Time
Explore More
Trending Topics
Anime
Disney
Crossword
Marvel
Kpop
NBA
Harry Potter
WWE
NFL
Country
Pokémon
The Office
Soccer
Song
Puzzle
hide this ad
More By:
BreakingMach
Quiz
Plays
Rating
Category
Featured
Created
Only Canadian Teams - NHL,NBA,MLB,MLS
1,088
2.04
Sports
Nov 8, 2013
NHL Starting and Backup Goalies (2013-2014)
587
2.75
Sports
Nov 6, 2013
NHl Olympic Teams Canada And USA Roster (2010)
462
4.33
Sports
Nov 7, 2013
Name All The Teams - NHL,NBA,NFL,MLB,MLS,CFL
237
2.40
Sports
Nov 14, 2013
NHL Captains and Assistant Captains (2013-2014)
215
Sports
Mar 7, 2014
Go to Creator's Profile
Score Distribution
Quiz Creator Spotlight
BreakingMach
Follow
Send a Message
Quizzes Created
-
Created Quiz Play Count
-
More By This Creator
Popular Quizzes Today
1
Colored Red Africa Blitz
2
Find the US States - No Outlines Minefield
3
Find the 'City' Movie
4
5x2 Blitz: Bands
5
The Countries of the World
6
Find the US States
7
Find the Countries of Europe - No Outlines Minefield
8
US States
More Sports Quizzes
1970's American League All-Stars
Curator's Pick
Trending Quizzes
Colored Red Europe Blitz I
Colored Red Africa Blitz II
Colored Red Europe Blitz II
Colored Red Africa Blitz III
Colored Red Europe Blitz III
Recently Updated
How Do You Spell That?
pecheneg
Godzilla Movies
pecheneg
Grab Bag: 4-10 Letters
pecheneg
2024 March Madness Bracket
pecheneg
Famous TV Couples
Peacemaker
Champions League XIs: Real Madrid
pecheneg
Largest US Cities 1790-2010
pecheneg
Rides in Walt Disney World
pecheneg
Most Oscar Losses (Acting)
pecheneg
Beyoncé Albums
pecheneg
Trending Topics
Kpop
Harry Potter
Anime
Disney
NBA
Marvel
Crossword
Pokémon
The Office
NFL
Puzzle
Country
Song
Soccer
WWE
Your Account Isn't Verified!
In order to create a playlist on Sporcle, you need to verify the email address you used during registration. Go to your
Sporcle Settings
to finish the process.
Report this User
Report this user for behavior that violates our
Community Guidelines
.
Details:
Send Report
Go to the Sporcle.com Mobile Site →
Comments